000
00303nam a22001337a 4500
003
OSt
008
240803b |||||||| |||| 00| 0 eng d
082
_a
631.584
_b
P22M
100
_a
Pathak , R.K.
245
_a
Manual of Jaivik Krishi
260
_a
CISTH Lucknow
_c
2005
300
_a
66
942
_c
RP
_2
ddc
999
_c
43254
_d
43254